000 05561namaa22004331i 4500
003 OSt
005 20260124123139.0
008 250827s2024 ua a|||frm||| 000 0 eng d
040 _aEG-GICUC
_bara
_cEG-GICUC
_dEG-GICUC
_erda
041 0 _aara
_bara
_beng
049 _aإيداع
082 0 4 _a658.408
092 _a658.408
_221
097 _aمــــاجستير
099 _aCai01.05.01.M.Sc.2024.رن.أ
100 0 _a،رنا مجدي مصطفى محمود
_eإعداد.
245 1 0 _aأثر ممارسات المسؤولية الاجتماعية على الأداء التنظيمي في مراكز تأهيل الأطفال ذوي الاحتياجات الخاصة بالقطاع الصحي /
_cإعداد رنا مجدي مصطفى محمود؛ إشراف د. رغدة أبو السعود أحمد يونس، د. هند محمد نجيب.
246 1 5 _aThe impact of corporate social responsibility practices on organizational performance in rehabilitation centers for children with special needs in the health sector /
264 0 _c2024.
300 _a166 صفحة :
_bإيضاحيات ؛
_c30 سم. +
_eCD.
336 _atext
_2rda content
337 _aUnmediated
_2rdamedia
338 _avolume
_2rdacarrier
502 _aأطروحة (ماجستير)-جامعة القاهرة، 2024.
504 _aببليوجرافيا: صفحات 132-152.
520 _aالهدف: تعتبر ممارسات المسؤولية الاجتماعية ضرورية في المجتمع، وبصفه خاصة في مراكز تأهيل الأطفال ذوي الاحتياجات الخاصة، ويتمثل الغرض من هذه الدراسة في التعرف على أثر ممارسات المسؤولية الاجتماعية بأبعادها (المسؤولية الاقتصادية، المسؤولية القانونية، المسؤولية الأخلاقية، المسؤولية الخيرية) على الأداء التنظيمي بأبعاده (الأداء المالي، الأداء التشغيلي). - المنهجية: تم استخدام المنهج الوصفي التحليلي الإحصائي لدراسة العلاقة بين المتغيرات، وتم الاعتماد على قائمة الاستقصاء كأداة لجمع البيانات، وتم تحديد مجتمع البحث وهو مديرين مراكز تأهيل الأطفال ذوي الاحتياجات الخاصة، وتمثل المجتمع في (68) مركزًا، وتم الحصول على (303) استجابة من مديرين مراكز تأهيل الأطفال ذوي الاحتياجات الخاصة، وتم استخدام التحليل الإحصائي. Smart PLSبالاعتماد علي برنامج - النتائج: توصلت الدراسة إلى أن هناك تأثيراً إيجابيًّا لممارسات المسؤولية الاجتماعية على الأداء التنظيمي في مراكز تأهيل الأطفال ذوي الاحتياجات الخاصة بالقطاع الصحي. - التوصيات: تقترح الباحثة مجموعة من التوصيات أهمها: إنشاء هيئة مستقلة للمسؤولية الاجتماعية تابعة لرئاسة مجلس الوزراء المصري، تسعي لتعزيز ثقافة المسؤولية الاجتماعية وتطبيق ممارساتها داخل الهيئات والجهات والمراكز الرسمية المصرية.
520 _aPurpose: This study aimed to examin the impact of corporate social responsibility (CSR) ( economic, legal, ethical, and philanthropic practices) on the organizational performance ( financial and operational performance) in rehabilitation centers for children with special needs. -Methodology: A descriptive-analytical research methedology was employed to investigate the relationship between the selected variables. The population for this study was the managers working in the rehabilitation centers for children with special needs in Great Cairo ( the total number of these centers is 68). However, the valid-collected questionnaires was 303. Smart PLS was used for statistical analysis.-Results: This study found that there is a positive effect for CSR practices on organizational performance in rehabilitation centers for children with special needs. -Recommendations:Researcher provided several recommendations.,including establishment of an independent institution under the Egyptian Cabinet responsible for promoting CSR culture and implementing its practices within Egyptian government agencies, institutions, and centers.
530 _aصدر أيضًا كقرص مدمج.
546 _aالنص بالعربية والملخص باللغة الإنجليزية والعربية.
650 7 _aادارة الاعمال
_2qrmak
650 7 _aالاطفال الشواذ
653 0 _aالمسؤولية الاجتماعية
_aالأداء التنظيمي
_aمراكز تأهيل الأطفال ذوي الاحتياجات الخاصة
700 0 _aرغدة أبو السعود أحمد يونس
_eمشرف أطروحة.
700 0 _aهند محمد نجيب
_eمشرف أطروحة.
900 _b16-11-2024
_cرغدة أبو السعود أحمد يونس
_cهند محمد نجيب
_dعبد العزيز عبد التواب هاشم
_dهبة محمد عادل
_Uجامعة القاهرة
_Fكلية التجارة
_Dقسم ادارة الاعمال
905 _aSara
_eAfaf
942 _2ddc
_cTH
_e21
_n0
999 _c177653